Predpoklady uplatnenia public relations v hospodárskej praxi

História public relations od prelomu 19. stor. po súčasnosť. Public relations hospodárskych organizácií. Hlavné úlohy, ciele a funkcia public relations. Organizácia public relations v podniku. Štruktúrny model oddelenia public relations.

Gespeichert in:
Bibliographische Detailangaben
1. Verfasser: Lipianska, Júlia
Format: Buchkapitel
Sprache:Slowakisch
Schlagworte:
Tags: Tag hinzufügen
Keine Tags, Fügen Sie das erste Tag hinzu!

MARC

LEADER 00000naa a2200000 4500
001 r023004
005 20230918074155.2
041 0 |a slo 
044 |a SK 
245 1 0 |a Predpoklady uplatnenia public relations v hospodárskej praxi  |c Júlia Lipianska 
520 |a História public relations od prelomu 19. stor. po súčasnosť. Public relations hospodárskych organizácií. Hlavné úlohy, ciele a funkcia public relations. Organizácia public relations v podniku. Štruktúrny model oddelenia public relations. 
610 2 0 |a práca s verejnosťou 
610 2 0 |a história 
610 2 0 |a komunikácia 
610 2 0 |a kreativita 
610 2 0 |a informácie 
610 2 0 |a prostriedky masovokomunikačné 
610 2 0 |a podnik 
100 1 |a Lipianska, Júlia